Statistics for "Big" Things in Australia on a Map

Click here to take the quiz!

General Stats

  • This quiz has been taken 18 times
  • The average score is 8 of 20

Answers on the Map

Answers color-coded by a green-red scale on the quiz's map according to % correct below.
 

Answer Stats

LocationAnswer% Correct
Coffs Harbour, NSWThe Big Banana
87%
Woombye, QldThe Big Pineapple
80%
Tamworth, NSWThe Big Golden Guitar
53%
Goulburn, NSWThe Big Merino
53%
Ballina, NSWThe Big Prawn
53%
Humpty Doo, NTThe Big Boxing Crocodile
47%
Kingston, SAThe Big Lobster
47%
Glenrowan, VicThe Big Ned Kelly
40%
Penguin, TasThe Big Penguin
40%
Miriam Vale, QldThe Big Crab
33%
Kurri Kurri, NSWThe Big Kookaburra
33%
Bowen, QldThe Big Mango
33%
Robertson, NSWThe Big Potato
33%
Nyngan, NSWThe Big Bogan
27%
Mission Beach, QldThe Big Cassowary
27%
Noosa, QldThe Big Pelican
20%
Gumeracha, SAThe Big Rocking Horse
20%
Emerald, QldThe Big Easel
13%
Kimba, SAThe Big Galah
13%
Ravensthorpe, WAThe Big Lollipop
13%

Score Distribution

Percentile by Number Answered

Percent of People with Each Score

Your Score History

You have not taken this quiz